[Event "Petrov Memorial op"]
[Site "St Petersburg"]
[Date "2000.02.13"]
[Round "6"]
[White "Lunev, Andrey"]
[Black "Najer, Evgeniy"]
[Result "0-1"]
[WhiteElo "2491"]
[BlackElo "2572"]
[Annotator "Donev,I"]
[PlyCount "72"]
[EventDate "2000.02.05"]
[EventType "swiss"]
[EventRounds "9"]
[EventCountry "RUS"]
[SourceTitle "CBM 076"]
[Source "ChessBase"]
[SourceDate "2000.05.31"]
[SourceVersion "1"]
[SourceVersionDate "2000.05.31"]
[SourceQuality "1"]

1. Nf3 d5 2. d4 Nf6 3. c4 e6 4. Nc3 Be7 5. Bf4 O-O 6. e3 c5 7. dxc5 Bxc5 8. a3
Nc6 9. Qc2 Qa5 10. Nd2 Be7 11. O-O-O (11. Bg3 d4 12. Nb3 Qd8 13. exd4 Nxd4 14.
Nxd4 Qxd4 15. Rd1 Qg4 16. Be2 Qg5 17. O-O Bd7 18. Bf3 Bc6 19. Bxc6 bxc6 20. Ne4
Qa5 21. Bd6 Bxd6 22. Nxf6+ gxf6 23. Rxd6 Rad8 24. Rxc6 Rd2 25. Qb3 Rfd8 26. h3
Qe5 27. Qa4 Rxb2 28. Qxa7 Qe2 29. g3 Rd1 30. Rxd1 Qxd1+ 31. Kg2 Rb1 32. Rc8+
Kg7 33. g4 Qh1+ 34. Kg3 Rb3+ {0-1 Seul,G-Federau,J/Germany 1986/GER-chT (34)})
11... Bd7 $1 (11... e5 12. Nb3 Qb6 13. Bg5 dxc4 14. Bxc4 Na5 15. Bxf6 Nxb3+ 16.
Bxb3 Bxf6 17. Nd5 $1 $16 Qa5 18. Nxf6+ gxf6 19. Kb1 Rd8 20. Qe4 Rxd1+ 21. Rxd1
Qc7 22. Rc1 Qd8 23. Bc2 $18 {0-1 Berezin,O-Harasta,V/Kosice 1997/EXT 99 (58)})
12. Kb1 Rfc8 13. Be2 Qd8 14. cxd5 Nxd5 $1 {Der Springerabtausch ist für den
Nachziehenden günstiger, weil so das Feld f6 für den schwarzen Läufer e7
geräumt und die c-Linie geöffnet wird.} 15. Nxd5 exd5 16. Qd3 g6 {bereitet Bf5
vor.} 17. g4 b5 $1 {[%mdl 128] Jetzt beginnt der Nachziehende einen Angriff
gegen den weißen Monarchen, der zu interessanten taktischen Verwicklungen
führt.} 18. Nb3 b4 19. a4 Na5 20. Qxd5 Nxb3 21. Qxd7 (21. Qxb3 $142 $1 Qe8 {
[%cal Yd7a4]} 22. Rxd7 Qxd7 23. Bf3) 21... Rc1+ $1 22. Ka2 Rxd1 (22... Qxd7 23.
Rxd7 Rxh1 24. Kxb3 Re8 25. Rxa7 $18 {/\Bb5}) 23. Qxd1 Nd2 24. e4 {[%cal Yf4d2]}
b3+ $1 {Wichtiger Zwischenzug, nach dem die Lage des weißen Monarchen noch
schwieriger wird.} 25. Ka1 Qa5 26. Bb5 Rd8 27. Bxd2 Rxd2 28. Qxb3 Bf6 29. Rb1
Rxf2 {Alle schwarzen Figuren sind sehr aktiv platziert und das kompensiert
vollauf den Bauernnachteil.} 30. h3 Qd2 31. Ka2 Qd4 32. Bc6 Kg7 33. Bd5 Be5 {
[%cal Yf2f7,Yd5f7,Yb3d5]} 34. h4 Rf6 {Hier steht der Turm optimal. Auf der
einen Seite deckt er den schwachen f7-Bauern, auf der anderen ist er bereit
auf b6 oder f2 zu landen und wieder den schwachen b2-Bauern anzugreifen.} 35.
Rd1 Qf2 36. h5 $4 {[%mdl 8192] verliert sofort.} (36. Rc1 $142 $15 {, um nach
36...Rb6 mittels 37.Rc2 verteidigen zu können.}) 36... Rb6 0-1

[Event "Dresden zt 1.2"]
[Site "Dresden"]
[Date "1998.05.05"]
[Round "7"]
[White "Psakhis, Lev"]
[Black "Lutz, Christopher"]
[Result "1/2-1/2"]
[WhiteElo "2565"]
[BlackElo "2595"]
[Annotator "Donev,I"]
[PlyCount "57"]
[EventDate "1998.04.28"]
[EventType "swiss"]
[EventRounds "11"]
[EventCountry "GER"]
[SourceTitle "CBM 065"]
[Source "ChessBase"]
[SourceDate "1998.08.06"]
[SourceVersion "1"]
[SourceVersionDate "1998.08.06"]
[SourceQuality "1"]

1. c4 e6 2. Nc3 d5 3. d4 Be7 4. Nf3 Nf6 5. Bf4 O-O 6. e3 c5 7. dxc5 Bxc5 8. a3
Nc6 9. Qc2 Qa5 10. Nd2 {Ich denke, dass dieser Zug dem Nachziehenden weniger
Sorgen macht als die populären Fortsetzungen 10.0-0-0 oder 10.R d1.} (10. O-O-O
) (10. Rd1) 10... Bb4 $1 11. cxd5 exd5 12. Nb3 (12. Rc1 Bxc3 13. Qxc3 Qxc3 14.
Rxc3 d4 15. Rc5 (15. exd4 Nd5 $1 $17) 15... dxe3 16. Bxe3 $14) 12... Bxc3+ 13.
bxc3 {Um eine bessere Bauernstruktur zu bekommen hat der Nachziehende das
Läuferpaar aufgeben müssen.} Qa4 14. Bd3 b6 15. Nd4 (15. f3 Ba6 $1 16. Nd4 Qxc2
17. Bxc2 Na5 $13) 15... Qxc2 16. Bxc2 Bd7 (16... Na5 $6 17. Bd6 Rd8 18. Be7 Rd7
19. Bxf6 gxf6 20. Bd3 $16 {nebst Kd2 mit klarem weißen positionellen Vorteil.})
17. f3 $14 Rac8 18. Kd2 Na5 19. Bd3 Ba4 20. Rhb1 Nc4+ 21. Bxc4 Rxc4 22. Rb4 g6
{Verhindert den Zug ...Nf5.} 23. Rxc4 dxc4 24. Rb1 Rc8 25. e4 Nd7 26. Ke3 Nc5
27. Be5 (27. g4 $142) 27... Re8 28. Bf6 Nd7 29. Bh4 (29. Bh4 {Das
Läufermanöver Be5-Bf6-Bh4 war unangebracht. Jetzt könnte der Nachziehende
einen Vorteil bekommen:} f5 $1 30. Rb4 Nc5 31. Rxc4 fxe4 32. f4 $15) 1/2-1/2

[Event "EU-Cup 15th final"]
[Site "Bugojno"]
[Date "1999.10.31"]
[Round "3"]
[White "Landa, Konstantin"]
[Black "Vaganian, Rafael A"]
[Result "1/2-1/2"]
[WhiteElo "2591"]
[BlackElo "2617"]
[Annotator "Donev,I"]
[PlyCount "81"]
[EventDate "1999.10.29"]
[EventType "team-k.o."]
[EventRounds "3"]
[EventCountry "BIH"]
[SourceTitle "EXT 2020"]
[Source "ChessBase"]
[SourceDate "2019.10.17"]
[SourceVersion "1"]
[SourceVersionDate "2019.10.17"]
[SourceQuality "1"]
[WhiteTeam "Tomsk Siberia"]
[BlackTeam "Breda Panfox"]
[WhiteTeamCountry "RUS"]
[BlackTeamCountry "NED"]

1. d4 d5 2. c4 e6 3. Nf3 Nf6 4. Nc3 Be7 5. Bf4 O-O 6. e3 c5 7. dxc5 Bxc5 8. a3
({Die andere Alternative ist:} 8. Be2 {aber das bringt der Anziehenden keinen
Vorteil.} dxc4 9. Bxc4 a6 10. O-O b5 11. Bd3 Bb7 12. Qe2 Nbd7 13. Rfd1 Qe7 14.
Bg5 h6 15. Bh4 Rac8 16. Be4 Bxe4 17. Nxe4 Rfd8 18. Rac1 Bb6 19. a4 Qb4 20.
Nxf6+ Nxf6 21. Rxd8+ Rxd8 22. Bxf6 gxf6 23. axb5 axb5 24. Rc6 Qxb2 25. Qf1 Ra8
26. Rc1 b4 27. Rb1 Qc3 28. Qd1 b3 29. Rxb3 Qxb3 {0-1 Danailov,S-Donev,I/Ruse
1989 (29)}) 8... Nc6 9. Rc1 d4 10. exd4 ({Zu ausgeglichener Stellung f�hrt
das Nehmen mit dem Springer auf d4:} 10. Nxd4 e5 11. Nb3 Bxa3 12. Qxd8 Rxd8 13.
bxa3 exf4 14. exf4 Be6 {1/2-1/2 Relange,E-Marciano,D/Belfort 1997/CBM 62 (14)})
10... Nxd4 11. Be2 (11. Ne5 b6 12. Bd3 Bb7 13. O-O h6 14. Re1 Nc6 15. Rc2 Qc8
16. Ng4 Be7 17. Nxf6+ Bxf6 18. Ne4 Be7 19. Qh5 Rd8 20. Rc3 f5 21. Ng3 Bf6 22.
Nxf5 Bxc3 23. Nxh6+ gxh6 24. Qg6+ Bg7 25. Bxh6 Rd7 26. Qh7+ Kf8 27. Rxe6 Re7
28. Rf6+ Ke8 29. Qg8+ {1-0 Petrosian,T-Bykhovsky,A/Moscow 1968/EXT 99 (29)})
11... Qe7 ({Ein aktuelles Beispiel, wo Vaganian die gleiche Variante gespielt
hat, aber eine schlechte Stellung bekommen hat. Offensichtlich hat er die
Stellung analysiert und entschieden, nicht mehr diese Gambit Variante mit
Bauernopfer zu spielen.} 11... e5 $6 12. Nxe5 Re8 13. O-O Nxe2+ 14. Qxe2 Bd4
15. Qd2 Be6 16. Nf3 Bb6 17. Qxd8 Raxd8 18. Nb5 {+/- 1/2-1/2 Gurevich,
M-Vaganian,R/Vlissingen 1999/EXT 2000 (60)}) 12. Nxd4 $5 ({Zu einer v�llig
ausgeglichenen Stellung f�hrt:} 12. b4 Rd8 13. Bd2 Bb6 14. Nxd4 Bxd4 15. Qc2
b6 16. O-O Bb7 17. Rcd1 {= 1/2-1/2 Epishin,V-Beliavsky,A/Germany 1999/EXT 2000
(49)}) 12... Rd8 13. Qc2 Bxd4 14. Nb5 e5 (14... Bb6 15. c5 Ba5+ 16. b4 {+/-})
15. Nxd4 exf4 {Schwarz hat die schlechtere Bauernstruktur am Damenfl�gel
bekommen, aber daf�r einen kleinen Entwicklungsvorsprung und die Initiative
gegen den unrochierten wei�en K�nig. Es ist klar, dass wenn Wei� das
Mittelspiel �berlebt, bekommt er ein besseres Endspiel. Darum ist jeder
Abtausch g�nstig f�r Wei�.} (15... exd4 16. O-O Bf5 $1 17. Qxf5 (17. Bd3
Bxd3 18. Qxd3 Qe4 {=}) 17... Qxe2 {~}) 16. Rd1 Qe5 17. Nf3 Bf5 (17... Qa5+ 18.
b4 Bf5 19. Rxd8+ Rxd8 20. Qc1 {+= /\0-0}) 18. Nxe5 Bxc2 19. Rxd8+ Rxd8 20. Nf3
(20. O-O Rd2 (20... Re8 21. Bd3 Bb3 22. Nf3 Rd8 23. Be2 {=}) 21. Re1 Bb3 {~})
20... Re8 21. Kd2 {Wei� braucht nicht mehr die Rochade zu machen. Im
Endspiel ist der K�nig eine wichtige Figur.} Bg6 22. Rd1 Bh5 23. Bd3 Ng4 24.
Rf1 Kf8 25. h3 Nf6 26. Re1 {Wei� hat die Probleme im Mittelspiel erfolgreich
gel�st und strebt ein besseres Endspiel an.} Bxf3 27. Rxe8+ Kxe8 28. gxf3 b6
29. Kc3 Kd7 30. Kd4 {+= Der Anziehende hat einen kleinen aber dauerhaften
Vorteil: Bessere Leichtfigur, Bauernmehrheit am Damenfl�gel und ein aktiver
K�nig im Zentrum. Trotzdem mit genauem Spiel kann Schwarz das Remis halten.}
Kd6 31. b4 Nd7 32. h4 (32. Ke4 $5 g5 33. Kf5 $36) 32... Ne5 33. c5+ bxc5+ 34.
bxc5+ Ke6 35. Be4 f6 36. h5 a5 37. Bd5+ Ke7 38. Ke4 Nd7 39. Kd4 (39. c6 Ne5 {
nebst Kd6}) 39... Ne5 40. Ke4 Nd7 41. Kd4 1/2-1/2

[Event "SUI-chT"]
[Site "Switzerland"]
[Date "1996.??.??"]
[Round "6"]
[White "Pelletier, Yannick"]
[Black "Donev, Ivo Hristov"]
[Result "1/2-1/2"]
[WhiteElo "2450"]
[BlackElo "2400"]
[Annotator "Donev,I"]
[PlyCount "119"]
[EventDate "1996.??.??"]
[EventType "team-tourn"]
[EventRounds "9"]
[EventCountry "SUI"]
[SourceTitle "CBM 055 Extra"]
[Source "ChessBase"]
[SourceDate "1997.01.01"]
[SourceVersion "1"]
[SourceVersionDate "1997.01.01"]
[SourceQuality "1"]

1. d4 d5 2. c4 e6 3. Nc3 Be7 4. Nf3 Nf6 5. Bf4 O-O 6. e3 a6 7. Qc2 Nbd7 8. Rd1
c6 9. h3 b5 10. c5 b4 11. Na4 a5 12. a3 Ba6 13. Bxa6 Rxa6 14. O-O Qa8 15. Ne1
Qb7 16. b3 Rfa8 (16... Qb5 17. axb4 axb4 18. Nd3 Ra7 19. Ra1 (19. Qd2 Rb7 20.
Ra1 Ne4 21. Qc2)) 17. Nd3 bxa3 18. Ra1 Bd8 (18... Ne8 19. Rxa3 Nc7 20. Bxc7
Qxc7 21. Rfa1 e5 22. dxe5 Nxe5 23. Nxe5 Qxe5 24. Nb6 Rxb6 25. cxb6 Bxa3 26.
Rxa3 Qd6 27. b7 Rb8 28. Rxa5 $16) 19. Rxa3 Bc7 20. Bxc7 (20. Bd6 Bxd6 21. cxd6
Qb8 22. Nac5 Qxd6 23. Rfa1 Nxc5 24. Nxc5) 20... Qxc7 21. Rfa1 e5 $2 (21... R6a7
$142) (21... R8a7 22. Qa2 h6 23. Nab2 Ne4 24. Nd1 Nb8 25. b4 $18) 22. dxe5 Nxe5
23. Nb6 (23. Nxe5 Qxe5 24. Nb6 Re8 25. b4 d4 26. Qc4 $18) 23... R8a7 24. Nb4 (
24. Nxe5 Qxe5 25. b4 a4) 24... Rxb6 25. cxb6 Qxb6 26. Nd3 Nxd3 27. Qxd3 h6 28.
Qf5 Ra8 29. Qe5 Ne4 30. Qd4 Qxd4 31. exd4 Rb8 32. Rc1 (32. Rxa5 Rxb3 33. Rc1
Rb6 34. f3 Nd6 35. Rac5 Nc4) 32... Nd2 33. Rxa5 (33. Rxc6 Nxb3 34. Rc2 (34. Rd6
Rb5 35. Rd8+ Kh7 36. Ra2 Kg6) 34... Rb4) 33... Rxb3 34. Ra4 (34. Rac5 Rb4 35.
Rxc6 Rxd4 36. Rc8+ Kh7 37. Rd8 Nc4 $16) 34... Nc4 35. Rd1 Rb6 36. Ra7 Nd6 37.
Rd7 Nb5 38. Re1 Rb8 39. Ree7 Rf8 40. g4 Nxd4 (40... g5) 41. Rc7 g5 42. Kg2 Kg7
43. Red7 Kf6 44. Rd6+ Ke5 (44... Kg7 45. Rdd7 (45. Rb7 Rc8 46. Rdd7 Rf8) 45...
Kf6) 45. Rxh6 f6 (45... Ne6 46. Rxc6 d4 (46... Rb8 47. h4 Nf4+ 48. Kh2 Rb2 49.
hxg5 Rxf2+ 50. Kg3 Rd2 (50... Rb2 51. Rb6) (50... Rg2+ 51. Kf3) 51. Rhf6) 47.
h4 $18) 46. Rhh7 (46. Re7+ Kf4) (46. h4 Kf4 (46... Kd6 47. Ra7 gxh4 48. g5 Ke5
49. g6 Nf5)) 46... Rd8 47. Rhf7 Rd6 48. Rce7+ Re6 (48... Ne6 49. h4 $1 (49. f4+
$2 gxf4 (49... Kxf4 50. Rxf6+ Ke5 51. Rf5+ Kd4) 50. h4 d4 (50... c5 51. h5 c4
52. h6 c3 (52... Rd8 53. h7 c3 54. Ra7 f3+ 55. Kf2 c2 56. Ra1 Ng5) 53. Re8) 51.
Kf2 d3 52. Rd7 Rxd7 53. Rxd7 Nd4 54. Re7+ Kd5 55. Re1 c5 56. h5 Ne6 57. h6 Ng5
58. Rh1 c4 59. h7 Nxh7 60. Rxh7 c3 61. Rd7+ Kc4 62. Ke1 f3) 49... gxh4 50. f4+
Kxf4 51. Rxf6+ Ke5 52. Rf5+ (52. g5 d4 53. Rf1) 52... Ke4 53. Rf6 Ke5 $10) (
48... Kf4 49. Kf1 (49. Rd7 Rxd7 50. Rxd7 Ke5 51. h4 gxh4 52. Rh7 c5 53. Rxh4 c4
54. f4+ Kxf4 55. g5+ Ke5 56. gxf6 Nf5 57. Rh5 Kxf6 58. Kf3 Ke5 59. Kg4 d4 60.
Rxf5+ Ke4 61. Rc5 c3 62. Kg3 Ke3 63. Kg2 Ke2 $10) 49... c5 50. Rd7 Rxd7 51.
Rxd7 Ke5 (51... Ke4 52. Re7+ Kd3 53. f4 c4 54. h4 gxh4 55. g5 fxg5 56. fxg5 c3
$19) 52. Ke1 Ne6 53. Kd2 d4 54. Kd3) 49. f4+ Kxf4 50. Rxe6 Nxe6 51. Rxf6+ Ke5
52. Rh6 $8 (52. Rf1 d4 $1 53. Re1+ Kd5 $19) 52... c5 53. Kf3 c4 54. h4 c3 55.
hxg5 c2 56. Rh1 d4 (56... Kd4 57. Ke2 Kc3 58. g6 (58. Rh3+ Kb2 59. Rh1 c1=Q (
59... Nxg5 60. Kd3 Nf3 61. g5 Nxg5 62. Rh2 $10) 60. Rxc1 Kxc1 61. Kd3) 58...
Nf4+) (56... Nd4+ 57. Ke3 Nb3 58. g6 Kf6 59. Kd3 c1=Q 60. Rxc1 Nxc1+ 61. Kd4)
57. Rc1 d3 58. Ke3 Nc5 59. Rxc2 dxc2 60. Kd2 1/2-1/2

[Event "EU-Cup 14th final"]
[Site "Belgrade"]
[Date "1999.01.13"]
[Round "3"]
[White "Golod, Vitali"]
[Black "Lputian, Smbat G"]
[Result "1/2-1/2"]
[WhiteElo "2553"]
[BlackElo "2614"]
[Annotator "Donev,I"]
[PlyCount "41"]
[EventDate "1999.01.11"]
[EventType "team-k.o."]
[EventRounds "3"]
[EventCountry "YUG"]
[SourceTitle "EXT 2020"]
[Source "ChessBase"]
[SourceDate "2019.10.17"]
[SourceVersion "1"]
[SourceVersionDate "2019.10.17"]
[SourceQuality "1"]
[WhiteTeam "Beer-Sheva Chess Club"]
[BlackTeam "Sarajevo Bosna"]
[WhiteTeamCountry "ISR"]
[BlackTeamCountry "BIH"]

1. d4 e6 2. c4 d5 3. Nf3 Nf6 4. Nc3 Be7 5. Bf4 O-O 6. e3 c5 7. dxc5 Bxc5 8. a3
(8. Be2 dxc4 9. Bxc4 a6 10. O-O b5 11. Bd3 Bb7 12. Qe2 Nbd7 13. Rfd1 Qe7 14.
Bg5 h6 15. Bh4 Rac8 16. Be4 Bxe4 17. Nxe4 Rfd8 18. Rac1 Bb6 19. a4 Qb4 20.
Nxf6+ Nxf6 21. Rxd8+ Rxd8 22. Bxf6 gxf6 23. axb5 axb5 24. Rc6 Qxb2 25. Qf1 Ra8
26. Rc1 b4 27. Rb1 Qc3 28. Qd1 b3 29. Rxb3 Qxb3 {0-1 Danailov,S-Donev,I/Ruse
1989 (29)}) 8... Nc6 9. b4 Be7 10. cxd5 exd5 {[%mdl 16] Auf dem Brett entsteht
die berühmte ,,Isolanistellung",. Ich denke, daß das Schlagen mit dem Bauern
besser ist, denn durch den Springertausch (Für die Seite die gegen den Isolani
kämpft ist sowieso besser mehr Figuren zu tauschen) bekommt Weiß eine bessere
Stellung:} (10... Nxd5 11. Nxd5 exd5 12. Bd3 Bf6 13. Rc1 Bg4 14. O-O Qe7 15. h3
$14 {1-0 Van Wely,L-Van der Sterren,P/Escaldes 1998/CBM 68/[Donev] (58) Eine
sehr interessante Neuerung, die wahrscheinlich Vorteil für Weiß bringt. Jetzt
muß Schwarz entscheiden, wohin er mit seinem Läufer g4 gehen muß. Entweder
tauscht er den Läufer für den Springer oder er geht zurück und verliert
dadurch ein Tempo.}) 11. Be2 Be6 {Dieser Zug hat zwei wichtige Funktionen:
Erstens deckt er den d5-Bauern und ermöglicht somit den Zug Ne4, zweitens
räumt er das Feld c8 für den schwarzen Turm.} 12. Nd4 {Ein gute Idee. Weiß
eilt es nicht mit der Rochade, sondern verstärkt seine Stellung im Zentrum.} (
12. O-O Ne4 $1 $11) 12... a5 {Der Nachziehende hat einen kleinen
Entwicklungsvorsprung und versucht Spiel am geschwächten weissen Damenflügel
zu bekommen.} ({Die andere Alternative die zum Ausgleich führen kann ist:} 
12... Rc8 13. O-O a5 {1/2-1/2 Topalov,V-Jussupow,A/Elista 1998/CBM 66 ext (61)}
(13... Nxb4 14. axb4 Rxc3 15. Rxa7 $14)) ({Jetzt ist der geplante:} 12... Ne4 {
ungünstig, weil nach dem Tausch} 13. Nxe6 $1 fxe6 14. Nxe4 {Schwarz doppelte
e-Bauern bekommt.} dxe4 {[%csl Re4,Re6] und Weiß bekommt einen klaren
positionellen Vorteil.} 15. Qb3 $16) 13. Nxe6 (13. b5 Nxd4 14. Qxd4 Rc8 $11) (
13. bxa5 $2 Qxa5 $1 $17 {[%csl Ra3,Rc3]}) 13... fxe6 {[%mdl 16] Nach diesem
Abtausch ist die Schwäche vom schwarzen Isolani auf d5 auf den Bauer e6
umgezogen. Aber der letztgenannte Bauer ist schwer anzugreifen, weil die e-
Linie versperrt ist.} 14. b5 Nb8 15. Bg4 {[%csl Re6][%cal Yg4e6]} Nxg4 16. Qxg4
Rf6 17. O-O {Endlich hat der Anziehende Zeit gefunden um, seinen König zu
verstecken. Es gibt viele Varianten in der modernen Eröffnungstheorie, in
denen eine Seite oft erst im Mittelspiel und manchmal sogar im Endspiel
rochieren muß.} Nd7 18. Rfd1 Nb6 19. Ne2 Rg6 20. Qh3 Bd6 (20... Rc8 $5 21. Nd4
Qd7 22. Nf3 Bf6 $11) 21. e4 1/2-1/2

[Event "New York op"]
[Site "New York"]
[Date "1998.03.17"]
[Round "3"]
[White "Gurevich, Mikhail"]
[Black "San Segundo Carrillo, Pablo"]
[Result "1-0"]
[WhiteElo "2635"]
[BlackElo "2505"]
[Annotator "Donev,I"]
[PlyCount "27"]
[EventDate "1998.03.16"]
[EventType "swiss"]
[EventRounds "9"]
[EventCountry "USA"]
[SourceTitle "CBM 064"]
[Source "ChessBase"]
[SourceDate "1998.06.02"]
[SourceVersion "1"]
[SourceVersionDate "1998.06.02"]
[SourceQuality "1"]

1. d4 d5 2. c4 e6 3. Nc3 Be7 4. Bf4 Nf6 5. e3 O-O 6. Nf3 c5 7. dxc5 Bxc5 8. a3
Nc6 9. Rc1 Re8 10. cxd5 exd5 11. Be2 Be6 (11... d4 12. Nb5 $1 {[%cal Yc1c5,
Yb5d4]} (12. Na4 Bb6 13. Nxb6 Qxb6 14. Nxd4 Qxb2 $13) 12... Nd5 13. Rxc5 Nxf4
14. exf4 d3 15. Ne5 dxe2 16. Qxd8 Rxd8 17. Kxe2 $16) 12. O-O Be7 (12... Bd6 13.
Bxd6 (13. Bg5 h6 14. Bh4 Rc8 15. b4 g5 16. Bg3 Bxg3 17. hxg3 $14) 13... Qxd6
14. Qd3 Rac8 15. Rfd1 a6 16. b4 b5 $14) (12... Bb6 13. Na4 (13. Qc2 Bc7 14.
Bxc7 Qxc7 15. Rfd1 Rac8 16. Qd3 Qd8 $14) 13... Bc7 14. Nc5 Bxf4 15. exf4 $14 (
15. exf4 Re7 16. Re1 $14)) 13. Nd4 Rc8 $2 {Ein Schablonenzug, der auf den
ersten Blick zwar logisch erscheint, da er die letzte schwarze Figur ins Spiel
einbezieht, aber doch ein Fehler ist. Leider haben Fehler dieser Art schon
viele Partien gekostet. Ihre Erklärung ist einfach: Schwarz hat nicht tief
genug in die Stellung hineingedacht und einfach eine taktische Operation
übersehen. Man sieht, daß selbst Großmeister vor solchen elementaren Fehler
nicht gefeit sind.} (13... Nxd4 14. Qxd4 Qa5 $14) (13... Bd6 14. Bxd6 Qxd6 15.
Ncb5 Qe5 $1 $14) (13... Qd7 14. Bb5 Rac8 15. Qa4 $16) 14. Nxc6 (14. Nxc6 bxc6 (
14... Rxc6 15. Bb5 $18) 15. Ba6 Ra8 16. Bb7 $18) 1-0

[Event "Escaldes zt"]
[Site "Escaldes"]
[Date "1998.11.13"]
[Round "8"]
[White "Lautier, Joel"]
[Black "Arlandi, Ennio"]
[Result "1-0"]
[WhiteElo "2625"]
[BlackElo "2440"]
[Annotator "Donev,I"]
[PlyCount "45"]
[EventDate "1998.11.06"]
[EventType "swiss"]
[EventRounds "9"]
[EventCountry "AND"]
[SourceTitle "CBM 068"]
[Source "ChessBase"]
[SourceDate "1999.02.01"]
[SourceVersion "1"]
[SourceVersionDate "1999.02.01"]
[SourceQuality "1"]

1. Nf3 d5 2. d4 Nf6 3. c4 e6 4. Nc3 Be7 5. Bf4 O-O 6. e3 c5 7. dxc5 Bxc5 8. a3
Nc6 9. b4 Be7 10. cxd5 Nxd5 11. Nxd5 exd5 12. Bd3 Bf6 13. Rc1 Bg4 14. O-O g6 (
14... Re8 15. h3 Bxf3 16. Qxf3 Ne5 17. Bxe5 Rxe5 18. Rfd1 $14 {/\Bc4 und
Schwarz kann seinen Zentralbauer nicht auf Dauer verteidigen.}) 15. h3 Bxf3 16.
Qxf3 Bb2 {Weiß ist praktisch gezwungen, den Bauern a3 für den Isolani
abzutauschen. Aber für Weiß bringt diese Zugfolge eine sehr starke Initiative.
Außerdem besitzt Weiß den Läuferpaarvorteil und leichten Entwicklungsvorsprung.
(Tc1 ist besser plaziert als sein Kollege auf a8).} 17. Rc5 (17. b5 Ne5 (17...
Bxc1 {18.Lxe5 1.04} 18. bxc6 $1 Bxa3 19. cxb7 $18) (17... Ne7 18. Rc7 Bxa3 19.
Rxb7 $16) 18. Bxe5 Bxe5 19. Rc5 $16) 17... Bxa3 18. Rxd5 Qf6 19. b5 Na5 20. Rd1
{Jetzt stehen alle weißen Figuren klar überlegen und harmonisch, im Gegensatz
dazu sind die schwarzen Figuren vereinzelt und passiv.} b6 (20... Nb3 21. Bc4
Nc5 22. Bd6 Qxf3 23. gxf3 Rfc8 24. Bxc5 Rxc5 25. Rxc5 Bxc5 26. Rd7 Rf8 27. Rxb7
$16) 21. Rd7 Nb3 $2 ({Mit} 21... Qe6 {22.Lc4 5.90} 22. Be2 Rfc8 $16 {wäre noch
Widerstand möglich gewesen.}) 22. Bc4 {[%cal Yc4b3,Yc4f7]} Nc5 {[%tqu "De",
"Wie kann Weiß die Partie sofort entscheiden?","","","d7f7","",5]} 23. Rxf7 $1
1-0